ბათუმის შოთა რუსთაველის სახელმწიფო უნივერსიტეტის ბიბლიოთეკა

Сельскохозяйственная энтомология (ბიბ.ჩანაწერი № 46396)

000 -LEADER
fixed length control field 00691nam a2200217Ia 4500
001 - CONTROL NUMBER
control field 13232
003 - CONTROL NUMBER IDENTIFIER
control field GE_BSU
008 - FIXED-LENGTH DATA ELEMENTS--GENERAL INFORMATION
fixed length control field 181216s||||||||xx |||||||||||||| ||und||
040 ## - CATALOGING SOURCE
Transcribing agency GE_BSU
080 ## - UNIVERSAL DECIMAL CLASSIFICATION NUMBER
Universal Decimal Classification number 632.7(075.8)
100 ## - MAIN ENTRY--PERSONAL NAME
Personal name Бей-Биенко,Г.Я. Богданов-,Н.Н. Ильинский,А.М. и др.
245 ## - TITLE STATEMENT
Title Сельскохозяйственная энтомология
245 ## - TITLE STATEMENT
Remainder of title Учебник
245 ## - TITLE STATEMENT
Statement of responsibility, etc. Под.ред.В.Н.Щеголева
260 ## - PUBLICATION, DISTRIBUTION, ETC.
Place of publication, distribution, etc. Москва
260 ## - PUBLICATION, DISTRIBUTION, ETC.
Name of publisher, distributor, etc. Сельхозгиз
260 ## - PUBLICATION, DISTRIBUTION, ETC.
Date of publication, distribution, etc. 1941
300 ## - PHYSICAL DESCRIPTION
Extent 647стр.илл.20см.
653 ## - INDEX TERM--UNCONTROLLED
Uncontrolled term Сельскохозяйственная энтомология
942 ## - ADDED ENTRY ELEMENTS (KOHA)
Koha item type წიგნი
ეგზემპლარები
Withdrawn status Lost status Damaged status Not for loan Date acquired Barcode Date last seen Price effective from Koha item type
        2018-12-17 20786 2018-12-17 2018-12-17 წიგნი
        2018-12-17 20787 2018-12-17 2018-12-17 წიგნი
        2018-12-17 20788 2018-12-17 2018-12-17 წიგნი
        2018-12-17 20789 2018-12-17 2018-12-17 წიგნი